<?xml version="1.0" encoding="UTF-8"?>
<collection xmlns="http://www.loc.gov/MARC21/slim">
<record>
  <controlfield tag="001">170353</controlfield>
  <controlfield tag="005">20260422084206.0</controlfield>
  <datafield tag="024" ind1="7" ind2=" ">
    <subfield code="2">doi</subfield>
    <subfield code="a">10.1108/INTR-03-2025-0394</subfield>
  </datafield>
  <datafield tag="024" ind1="8" ind2=" ">
    <subfield code="2">sideral</subfield>
    <subfield code="a">148263</subfield>
  </datafield>
  <datafield tag="037" ind1=" " ind2=" ">
    <subfield code="a">ART-2026-148263</subfield>
  </datafield>
  <datafield tag="041" ind1=" " ind2=" ">
    <subfield code="a">eng</subfield>
  </datafield>
  <datafield tag="100" ind1=" " ind2=" ">
    <subfield code="a">Barta, Sergio</subfield>
    <subfield code="u">Universidad de Zaragoza</subfield>
    <subfield code="0">(orcid)0000-0001-8353-3870</subfield>
  </datafield>
  <datafield tag="245" ind1=" " ind2=" ">
    <subfield code="a">Spatial future ahead! Augmented reality and anticipated life consequences</subfield>
  </datafield>
  <datafield tag="260" ind1=" " ind2=" ">
    <subfield code="c">2026</subfield>
  </datafield>
  <datafield tag="506" ind1="0" ind2=" ">
    <subfield code="a">Access copy available to the general public</subfield>
    <subfield code="f">Unrestricted</subfield>
  </datafield>
  <datafield tag="520" ind1="3" ind2=" ">
    <subfield code="a">Purpose: This study explores how initial exposure to immersive spatial computing experiences using AR headsets generates lasting inspiration and shapes consumers expected long-term life consequences (i.e., enhancement of reality, perceived substitutability and social impact). 
Design/methodology/approach: The study uses a time-lagged research design based on 148 first-time users of spatial computing devices (AR headsets). Respondents were interviewed once shortly after being exposed to AR and a few days later. Data is analyzed using partial least squares structural equation modeling (PLS-SEM).
Findings: Users' immediate "inspired-by" experiences predict increased "inspired-to" intentions days later. Such inspiration translates into anticipated consequences such as virtually customizing their physical environments, substituting physical products with AR content, and influencing social relationships with other users.
Research limitations/implications: The current research focuses on positive life outcomes for consumers. However, the ubiquitous and pervasive use of AR may also lead to negative, undesired effects.
Practical implications: The study demonstrates that AR experiences can produce detectable effects long after initial exposure and underscores that AR adoption results from the synergy of hardware and content, providing insights for future research in immersive spatial computing technologies.
Originality/value: The current research is one of the first to study AR users over time. Drawing on inspiration theory, findings show that an initial exposure to spatial computing through AR can have lasting effects when consumers think about how these technologies could impact their lives.</subfield>
  </datafield>
  <datafield tag="536" ind1=" " ind2=" ">
    <subfield code="9">info:eu-repo/grantAgreement/ES/DGA-FSE/S20-23R METODO Research Group</subfield>
  </datafield>
  <datafield tag="540" ind1=" " ind2=" ">
    <subfield code="9">info:eu-repo/semantics/openAccess</subfield>
    <subfield code="a">by</subfield>
    <subfield code="u">https://creativecommons.org/licenses/by/4.0/deed.es</subfield>
  </datafield>
  <datafield tag="655" ind1=" " ind2="4">
    <subfield code="a">info:eu-repo/semantics/article</subfield>
    <subfield code="v">info:eu-repo/semantics/publishedVersion</subfield>
  </datafield>
  <datafield tag="700" ind1=" " ind2=" ">
    <subfield code="a">Reto</subfield>
  </datafield>
  <datafield tag="700" ind1=" " ind2=" ">
    <subfield code="a">Hinsch, Chris</subfield>
  </datafield>
  <datafield tag="700" ind1=" " ind2=" ">
    <subfield code="a">Kalantari, Mahdokht</subfield>
  </datafield>
  <datafield tag="700" ind1=" " ind2=" ">
    <subfield code="a">Krey, Nina</subfield>
  </datafield>
  <datafield tag="700" ind1=" " ind2=" ">
    <subfield code="a">Rauschnabel, Philipp</subfield>
  </datafield>
  <datafield tag="710" ind1="2" ind2=" ">
    <subfield code="1">4011</subfield>
    <subfield code="2">095</subfield>
    <subfield code="a">Universidad de Zaragoza</subfield>
    <subfield code="b">Dpto. Direc.Mark.Inves.Mercad.</subfield>
    <subfield code="c">Área Comerci.Investig.Mercados</subfield>
  </datafield>
  <datafield tag="773" ind1=" " ind2=" ">
    <subfield code="g">36, 7 (2026), 127-148</subfield>
    <subfield code="p">Internet res.</subfield>
    <subfield code="t">Internet Research</subfield>
    <subfield code="x">1066-2243</subfield>
  </datafield>
  <datafield tag="856" ind1="4" ind2=" ">
    <subfield code="s">1563818</subfield>
    <subfield code="u">http://zaguan.unizar.es/record/170353/files/texto_completo.pdf</subfield>
    <subfield code="y">Versión publicada</subfield>
  </datafield>
  <datafield tag="856" ind1="4" ind2=" ">
    <subfield code="s">1794263</subfield>
    <subfield code="u">http://zaguan.unizar.es/record/170353/files/texto_completo.jpg?subformat=icon</subfield>
    <subfield code="x">icon</subfield>
    <subfield code="y">Versión publicada</subfield>
  </datafield>
  <datafield tag="909" ind1="C" ind2="O">
    <subfield code="o">oai:zaguan.unizar.es:170353</subfield>
    <subfield code="p">articulos</subfield>
    <subfield code="p">driver</subfield>
  </datafield>
  <datafield tag="951" ind1=" " ind2=" ">
    <subfield code="a">2026-04-22-08:40:12</subfield>
  </datafield>
  <datafield tag="980" ind1=" " ind2=" ">
    <subfield code="a">ARTICLE</subfield>
  </datafield>
</record>
</collection>